raad het woord - Statistieken

Algemene statistieken
  • Deze quiz is 99 keer genomen
  • De gemiddelde score is 10 van 15
Antwoordstatistieken
Hint Antwoord % Correct
uihs huis
96%
moio mooi
96%
ufj juf
93%
misu muis
93%
gwe weg
93%
spoe soep
88%
lakar klaar
82%
omkmen kommen
81%
goner groen
75%
mseetre meester
67%
terhca achter
51%
neladdern nederland
46%
lkijel lelijk
32%
nifortte fortnite
26%
goerte groente
21%
Geen overeenkomende quizzen gevonden
Scoreverdeling
Procent van Mensen met Elke Score
Percentiel versus Aantal Correcte Antwoorden
Uw Scoregeschiedenis
U heeft deze quiz nog niet genomen